000 00745cab a2200229 4500
001 ABS45224
008 090401t1991 xxu||||| |||| 00| 0 eng d
035 _a(Sirsi) u51627
041 _aeng
110 _aAnthony Williams and Partners
_93
245 _aWest Suffolk Crematorium
260 _c1991
350 _a0
490 _aBuilding
_v256(7715) 4 October 1991, 43-50(8)
520 _aBuilding Dossier on the new crematorium built on agricultural land outside Bury St Edmunds. Includes a detailed cost analysis and schedule of accommodation.
650 _aBUILT ENVIRONMENT-BUILDING COSTS
650 _aCOST ANALYSIS
650 _aCREMATORIA
690 _aBUILDING AND CONSTRUCTION-PROJECTS
942 _n0
948 _c04/03/1997
999 _c32040
_d32040